000 00660nam a22002057a 4500
003 OSt
005 20251024004716.0
008 251001b |||||||| |||| 00| 0 eng d
020 _a978-971-0459-25-4.
040 _aDWCL-Main lib
_cOC
082 _aFil. 363.25 D119e 2008
100 _aDacsil-CaƱete, Arlyn M.
245 _aEssentials of forensic chemistry and toxicology in the crime scene investigation
260 _aQuezon City :
_bWiseman's Books Trading,
_cc2008.
300 _a171 pages ;
_c23 cm.
504 _aIncludes bibliographical references.
650 _21. Forensic sciences.
650 _22. Toxicology.
942 _2ddc
_cBK - FIL
_kFil.
_n0
999 _c4614
_d4614